All YG Songs - Statistics

General Stats
  • This quiz has been taken 39 times
    19 since last reset
  • The average score is 51 of 265
Answer Stats
Album Song % Correct
Just Re'd Up 2 B * * * H
73%
Just Re'd Up 2 B***hes
73%
Just Re'd Up 2 F**k It
55%
Boss Yo Life Up Gang My N***a
45%
My Krazy Life My N***a (Remix)
45%
Still Brazy FDT
36%
Boss Yo Life Up Gang F**k You
36%
My Life 4Hunnid Jealous
36%
Still Brazy Still Brazy
36%
My Krazy Life Who Do You Love?
36%
Stay Dangerous Big Bank
27%
Still Brazy Bool, Balm & Bollective
27%
The Real 4Fingaz Drunk & High
27%
My Life 4Hunnid FTP
27%
4Real 4Real Go Loko
27%
Stay Dangerous Handgun
27%
Just Re'd Up 2 IDGAF
27%
4Real 4Real In the Dark
27%
The Real 4Fingaz It's So Hard
27%
My Krazy Life Left, Right
27%
Just Re'd Up Okayyyy
27%
The Real 4Fingaz Police
27%
My Krazy Life Really Be (Smokin N Drinkin)
27%
My Life 4Hunnid Rodeo
27%
Stay Dangerous Slay
27%
Stay Dangerous Too Cocky
27%
The Real 4Fingaz Toot It & Boot It
27%
Still Brazy Twist My Fingaz
27%
Still Brazy Why You Always Hatin?
27%
Stay Dangerous 10 Times
18%
My Krazy Life 1AM
18%
Blame It On the Streets 2015 Flow
18%
Just Re'd Up 2 Step
18%
4Hunnid Degreez 400 Degreez (Intro)
18%
My Krazy Life 459
18%
Stay Dangerous 666
18%
I GOT ISSUES Alone
18%
I GOT ISSUES Baby Momma
18%
The Real 4Fingaz Bad B***h
18%
Single #11 Bailar
18%
The Real 4Fingaz Betta Ask Somebody
18%
4Hunnid Degreez B***h Betta Have My Money
18%
Just Re'd Up B***hes Ain't Sh*t
18%
My Krazy Life Bicken Back Being Bool
18%
Blame It On the Streets Bicken Back Being Bool (Remix)
18%
The Real 4Fingaz Bickin It
18%
Single #15 BIRTHDAY
18%
Kommunity Service Bite Down
18%
Still Brazy Blacks & Browns
18%
Blame It On the Streets Blame It On the Streets
18%
My Life 4Hunnid Blood Walk
18%
4Hunnid Degreez Blunted
18%
Just Re'd Up 2 Bompton
18%
Kommunity Service Bompton to Oak Park
18%
Stay Dangerous Bomptown Finest
18%
4Real 4Real Bottle Service
18%
My Krazy Life BPT
18%
Blame It On the Streets BPT (Live in the Bay)
18%
Just Re'd Up 2 Broke B***h Skit
18%
Stay Dangerous Bulletproof
18%
4Hunnid Degreez Cali Living
18%
Stay Dangerous Cant Get in Kanada
18%
California Livin Creepin
18%
Kommunity Service Dangerous
18%
Stay Dangerous Deeper Than Rap
18%
Just Re'd Up Dippin n Sippin
18%
My Krazy Life Do It to Ya
18%
4Hunnid Degreez Do It with My Tongue
18%
4Real 4Real Do Not Disturb
18%
Still Brazy Don't Come to LA
18%
Just Re'd Up 2 Don't Trust
18%
Red Friday Down B***h
18%
4Real 4Real Do Yo Dance
18%
I GOT ISSUES Drink To This
18%
California Livin Driving Like Im Loco
18%
Kommunity Service Drop a Location
18%
Single #7 Equinox
18%
Single FDT, Pt. 2
18%
Kommunity Service First 48
18%
The Real 4Fingaz F**ked Up
18%
Young and Hung...over F**k Yo N***a
18%
Just Re'd Up Free Rudeboy
18%
Just Re'd Up Freestyle
18%
Stay Dangerous Free the Homies Interlude
18%
4Hunnid Degreez Gangbang
18%
Kommunity Service Gangsta
18%
4Hunnid Degreez Get Money and F**k
18%
The Real 4Fingaz Get My Name Tatted
18%
Red Friday Get Out Yo Feelin's
18%
Blame It On the Streets G$FB
18%
Still Brazy Gimmie Got Shot
18%
Just Re'd Up 2 Girlfriend Trippin Skit
18%
The Real 4Fingaz Glowin
18%
From the Amazon Original Motion Picture Soundtrack 'Coming 2 America' Go Big
18%
4Hunnid Degreez God Is My Witness
18%
I GOT ISSUES Go Dumb
18%
The Real 4Fingaz Goin Up
18%
Single #9 Go Live
18%
Still Brazy Good Times Interlude
18%
4Hunnid Degreez Go So Deep
18%
Just Re'd Up 2 Gotta Get Doe
18%
4Hunnid Degreez Grind Mode
18%
California Livin G Thang
18%
4Real 4Real Hard Bottoms & White Socks
18%
My Life 4Hunnid Hate on Me
18%
Young and Hung...over HBIC
18%
The Real 4Fingaz Head Doctor
18%
4Real 4Real Heart 2 Heart
18%
Just Re'd Up Hell Yeah
18%
4Real 4Real Her Story
18%
Single #10 Hit Em Up
18%
Just Re'd Up Honestly
18%
Just Re'd Up 2 Hot Boyz Skit
18%
4Hunnid Degreez How to Make It in America
18%
I GOT ISSUES How to Rob a Rapper
18%
Red Friday I Ain't Lyin
18%
Red Friday I Be On
18%
I GOT ISSUES I Dance
18%
Blame It On the Streets If I Ever
18%
Still Brazy I Got a Question
18%
Just Re'd Up I Got B***hes
18%
My Krazy Life I Just Wanna Party
18%
Red Friday I Know
18%
Just Re'd Up 2 I Like
18%
4Hunnid Degreez I Like Head
18%
Just Re'd Up I Like Money
18%
Just Re'd Up 2 I'll Do Ya
18%
Just Re'd Up I Made It
18%
Just Re'd Up 2 I'm a Real 1
18%
4Hunnid Degreez I'm a Thug
18%
Red Friday I'm a Thug Pt. 2
18%
Just Re'd Up I'm Good
18%
Just Re'd Up In tha Morning
18%
Boss Yo Life Up Gang | California Livin | Just Re'd Up | +2 others Intro
18%
The Real 4Fingaz Ion Give a F**k
18%
Just Re'd Up 2 I Smoke I Drank
18%
I GOT ISSUES Issues
18%
Just Re'd Up 2 I Wanna B Down
18%
4Real 4Real I Was on the Block
18%
The Real 4Fingaz Just Broke Up
18%
Just Re'd Up Just Re'd Up
18%
4Hunnid Degreez Keenon Jackson
18%
4Real 4Real Keshia Had a Baby
18%
I GOT ISSUES Killa Cali
18%
Single #6 Konclusions
18%
California Livin L.A. Confidential
18%
My Life 4Hunnid Laugh Now Kry Later!
18%
The Real 4Fingaz Leave Me Alone
18%
FAST X (Original Motion Picture Soundtrack) Let's Ride
18%
Just Re'd Up 2 Love Jones
18%
Kommunity Service MAD
18%
Just Re'd Up 2 Make It Clap
18%
Single #5 Mamacita
18%
The Real 4Fingaz Mando
18%
I GOT ISSUES Maniac
18%
California Livin Mansion Party
18%
My Krazy Life Meet the Flockers
18%
My Krazy Life Me & My B***h
18%
4Hunnid Degreez Mess Around
18%
Just Re'd Up 2 Million
18%
Single #12 Miss My Dawgs
18%
My Krazy Life Momma Speech Intro
18%
Single #8 Money Mouf
18%
4Real 4Real My Last Words
18%
Still Brazy My Perception
18%
I GOT ISSUES No Love
18%
Just Re'd Up 2 No Sleep
18%
I GOT ISSUES No Weapon
18%
Red Friday One Time Comin'
18%
Just Re'd Up 2 On the Set
18%
My Life 4Hunnid Out On Bail
18%
The Real 4Fingaz Patty Cake
18%
Kommunity Service Perfect Timing
18%
Just Re'd Up Pillow Talking
18%
Single #14 PLATINUM
18%
Just Re'd Up 2 Playin'
18%
4Real 4Real Play Too Much
18%
Still Brazy Police Get Away wit Murder
18%
Single #2 Pop It, Shake It
18%
The Real 4Fingaz Pop Painkillaz
18%
Still Brazy Pops Hot Intro
18%
Stay Dangerous Power
18%
Red Friday Public Service Announcement
18%
Stay Dangerous Pussy Money Fame
18%
The Real 4Fingaz Relax
18%
4Hunnid Degreez Respect Her Hustle
18%
Blame It On the Streets Ride with Me
18%
The Real 4Fingaz Riding Like Me
18%
Just Re'd Up Say Stop
18%
I GOT ISSUES Scared Money
18%
The Real 4Fingaz She a Model
18%
Just Re'd Up She Bad
18%
4Hunnid Degreez She Don't Love Me
18%
Still Brazy She Wish She Was
18%
Just Re'd Up Skit 1
18%
Just Re'd Up Skit 2
18%
Just Re'd Up Skit 3
18%
I GOT ISSUES Sober
18%
The Real 4Fingaz So Fresh So Fly
18%
My Krazy Life Sorry Momma
18%
Just Re'd Up 2 Sprung
18%
4Real 4Real Stop Snitchin
18%
4Real 4Real Stop Snitchin (Remix)
18%
My Life 4Hunnid Surgery
18%
Stay Dangerous Suu Whoop
18%
My Life 4Hunnid SWAG
18%
4Hunnid Degreez Take Everything from Her
18%
My Krazy Life Thank God (Interlude)
18%
4Hunnid Degreez This Year
18%
Just Re'd Up 2 This Yick
18%
My Life 4Hunnid Thug Kry
18%
Stay Dangerous Too Brazy
18%
4Hunnid Degreez Too Short
18%
I GOT ISSUES Toxic
18%
My Life 4Hunnid Traumatized Interlude
18%
My Life 4Hunnid Traumatized Interlude #2
18%
Just Re'd Up TTYL
18%
Just Re'd Up 2 Tupac Interview
18%
Just Re'd Up Up
18%
Kommunity Service Vibe with You
18%
My Life 4Hunnid War Scars
18%
Single #13 West Coast Weekend
18%
4Hunnid Degreez Westside 4 Fingaz
18%
My Krazy Life When I Was Gone
18%
The Real 4Fingaz Whole Click Stuntin
18%
Still Brazy Who Shot Me?
18%
Just Re'd Up Wobble
18%
Just Re'd Up Won't Change
18%
Still Brazy Word Is Bond
18%
Still Brazy YG Be Safe
18%
Single #4 YNS
18%
4Hunnid Degreez Yo Body
18%
The Real 4Fingaz Yo N***a Aint Me
18%
Just Re'd Up 2 Yo Pussy
18%
Just Re'd Up 2 You Broke
18%
Just Re'd Up 2 Youzza Flip
18%
Young and Hung...over 143 (Remix)
9%
Young and Hung...over A1 (G-Mix)
9%
Young and Hung...over Adderall
9%
The Real 4Fingaz All My Sh*t
9%
Young and Hung...over All Star (Remix)
9%
California Livin Block Party
9%
Boss Yo Life Up Gang Bravo
9%
Single #3 F**k It Up
9%
Young and Hung...over Good Good
9%
Young and Hung...over Go to Work
9%
California Livin Grindge
9%
California Livin Interlude 1
9%
California Livin Interlude 2
9%
California Livin Interlude 3
9%
California Livin Interlude 4
9%
Young and Hung...over J Espinosa (Outro)
9%
Young and Hung...over LA Leakers Speak
9%
Young and Hung...over Naked
9%
Boss Yo Life Up Gang Next B***h
9%
Boss Yo Life Up Gang Outro
9%
Furious 7: Original Motion Picture Soundtrack Ride Out
9%
Young and Hung...over Rock You
9%
Boss Yo Life Up Gang Shame On You
9%
Kommunity Service Took It Up
9%
Young and Hung...over Toot It & Boot It (Remix)
9%
No matching quizzes found
Score Distribution
Percent of People with Each Score
Percentile by Number Answered
Your Score History
You have not taken this quiz since the last reset